| 000 | 00609nam a22001697a 4500 | ||
|---|---|---|---|
| 999 |
_c15028 _d15028 |
||
| 003 | OSt | ||
| 082 | _2631.3 MAJ/DE | ||
| 088 | _aT 73 | ||
| 100 |
_aMAJI G. KRISHNAN _92325 |
||
| 245 | _aDesign, fabrication and testing of a power operated jab type paddy dibbler | ||
| 260 |
_aTavanur 1997 _bKelappaji College of Agricultural Engineering and Technology |
||
| 300 | _a108 | ||
| 500 | _aDesign, fabrication and testing of a power operated jab type paddy dibbler | ||
| 520 | _aDesign, fabrication and testing of a power operated jab type paddy dibbler | ||
| 700 |
_aEr. Jippu Jacob (Guide) _92268 |
||
| 942 | _cTH | ||